000 00794nam a22002295a 4500
999 _c181263
_d181263
005 20210907101759.0
010 _aB-357106 B-741440
020 _c60.00
_a9789384812386
035 _aB-357106
035 _aB-741440
037 _bDBAD / PUB
037 _bGift
082 _aS
245 _aGrandpa's:
_bmoral stories for children
260 _aVijayawada
_bSwathi Book House
_c2017
270 _a28-22-20, Rahiman Street, Arundelpet,
_bVijayawada
_e520002
300 _a32p.:
_c26cm(pbk)
_bcol. ill
490 _aPopular stories in easy English
650 _aChildren's stories, English
942 _2ddc
_cCH
_hS
_mGRA